LEADER 01111nam a2200241 4500 001 000000361872 003 CaOOAMICUS 005 20250228090655.0 008 250228s2024 it 000 u ita r 020 $a978-88-6894-741-5 040 $aSeMil$bita 245 12$aL'abc del Giubileo 2025 :$bpellegrini di speranza in terra lombarda /$cChiese di Lombardia ; con la prefazione dell'arcivescovo di Milano Mario Delpini. 264 1$a[Milano] :$bCentro Ambrosiano,$c2024. 300 $a114 p. ;$c19 cm 700 1 $aDelpini, Mario,$c.$0(OLS)http://semarc/name/90660 710 1 $aChiese di Lombardia.$0(OLS)http://semarc/name/121569 850 $aSeMil 852 $aSeMil$W1$xVenegono$y1$m5D IV 1/24$j254875$B252812$CSeMilBibl$Z2$F252812 $81 961 $aScanziani don Francesco - Omaggio 996 $6020$a978-88-6894-741-5$9(OLS)http://semarc/number/302582 996 $6245$aL'abc del Giubileo 2025 :$bpellegrini di speranza in terra lombarda$9(OLS)http://semarc/title/452702 996 $6264$a[Milano] :$bCentro Ambrosiano$9(OLS)http://semarc/publisher/58345 LEADER 00938nam a2200205 i 4500 001 000000127605 003 CaOOAMICUS 005 20040622000000.0 008 040622s1881 au u000 u lat u 013 $a100317 040 $aSeMil$bita 245 10$aGai Vetti Aquilini Iuvenci Evangeliorum libri quattuor /$cRecensuit et commentario critico instruxit Iohannes Huemer. 300 $aXLIII, 176 p. ;$c23 cm. 490 0 $aCorpus scriptorum ecclesiasticorum latinorum ;$vVol.24. 700 1 $aHuemer, Johann,$d<1849-1915>.$0(OLS)http://semarc/name/53027 700 1 $aIuvencus, Caius Vettius Aquilinus.$0(OLS)http://semarc/name/53085 830 0$aCorpus scriptorum ecclesiasticorum latinorum ;$vVol.24.$0(OLS)http://semarc/title/405 850 $aSeMil 852 $aSeMil$W1$xVenegono$y1$m2S I 27$j81882$B81882$CSeMilBibl$Z2$F84074 $81 996 $6245$aGai Vetti Aquilini Iuvenci Evangeliorum libri quattuor$9(OLS)http://semarc/title/188342